Animaux par lettre en 1min - B - Statistiques

Statistiques générales
  • Ce quiz a été pris 79 fois
    41 depuis la dernière actualisation
  • Le résultat moyen est 6 sur 30
Statistiques - réponses
Réponse % Correct
Baleine
74%
Babouin
63%
Bison
61%
Buffle
61%
Biche
50%
Buse
37%
Boa
34%
Belette
26%
Béluga
21%
Bœuf
21%
Bonobo
21%
Bourdon
21%
Bouquetin
18%
Barracuda
16%
Bélier
16%
Busard
16%
Blaireau
13%
Bouvreuil
8%
Bousier
5%
Brochet
5%
Bernache
3%
Bouvière
3%
Brême
3%
Bécasse
0%
Bécassine
0%
Binturong
0%
Bubale
0%
Buccin
0%
Bucorve
0%
Bulbul
0%
Aucun quiz correspondant
Distribution des résultats
% des personnes avec chaque résultat
Percentile par nombre de réponses
Votre historique - résultats
Vous n’avez pas pris ce quiz depuis la dernière actualisation